000 00566 a2200193 4500
999 _c1889
_d1889
020 _a9780230003347
050 _aHG 1496 GHA 2007
100 _aGhatak, Subrata
_eauthor
245 _aMonetary economics in developing countries
_cSubrata Ghatak and Jose R. Sanchez-Fung
250 _a3rd ed.
264 _aHampshire
_bPalgrave
_c1995
300 _axv, 302p.:
_bill.
500 _aIncludes bibliography and index
650 _aMoney
650 _aMoney
_xPolicy
651 _aDeveloping coountries
700 _aSachea-Fung
942 _2lcc
_cBK
_e3rd
_h1496
_iGHA
_kHF